| 000 | 00373nam a22001577a 4500 | ||
|---|---|---|---|
| 003 | MACL | ||
| 005 | 20151124160417.0 | ||
| 008 | 151124b xxu||||| |||| 00| 0 eng d | ||
| 040 | _cMACL | ||
| 041 | _aEnglish | ||
| 082 | _a600/THA | ||
| 100 |
_aThakur,Devendra _918098 |
||
| 245 | _aIndustrialisation in Tribal Areas | ||
| 650 |
_aTechnology _918099 |
||
| 942 |
_2ddc _cBK |
||
| 999 |
_c51045 _d51045 |
||